01805cam a2200313 a 4500999001500000001000900015003000900024005001700033008004100050010001700091020001800108035002500126040002300151082002000174245015100194260007000345300002000415504004200435520065300477650002901130650002301159650001601182700002201198700003701220700003901257906004501296942001501341952013501356 c5757d575717016713DO-SdBJH20200423172708.0111003s2011 sp b 000 0 spa  a 2011480337 a9788415271055 a(SP-BaPL)pu110009484 aDLCcDLCdDLCbspa a327.1 S456 201110aLa seguridad más allá del Estado :bactores no estatales y seguridad internacional /cJavier Jordán, Pilar Pozo y Josep Baqués (editores). aPozuelo de Alarcón, Madrid :bPlaza y Valdés Editores,c2011. a263 páginas.  aIncluye referencias bibliográficas. a Esta obra colectiva presta atención a los siguientes cuestiones: el terrorismo global, el crimen organizado transnacional, las compañías privadas de seguridad, los medios de comunicación globales, las grandes empresas de defensa, los movimientos sociales de carácter transnacional, la actuación de los grupos religiosos en la gestión y resolución de conflictos, las ONGs en escenario de conflicto y posconflicto, y la posición de las organizaciones internacionales ante los actores no estatales en materia de seguridad. Para la elaboración de cada uno de los capítulos se ha contado con especialistas en la materia abordada.  7aSeguridad internacional. 7aseguridad nacional 7aTerrorismo.1 aJordán, Javier.1 aGarcía del Pozo, Pilar,d1960-1 aBaqués Quesada, Josep.eeditores a7bcbccorigresd2encipf20gy-gencatlg 2ddccBKz3 00102ddc40708CGaBJHAbBJHAcGENd2020-02-17i20-02672l0o327.1 S456 2011p20-02672r2020-02-17 00:00:00te.1w2020-02-17yBK